000 01076cam a2200277 4500
001 ABS64662
008 011025n2001 000 0 eng u
035 _a(Sirsi) u115328
100 _aPayne, S
245 _aEnvironmental law update
260 _c2001
490 _aSolicitors' Journal
_v145(36) 28 September 2001, 881-882(2)
520 _aProvides an update of recent developments in environmental law. Looks at contaminated land and the Environmental Protection Act Part IIA; statutory nuisance; nature conservation and the Countryside and Rights of Way Act 2000; the definition of waste; the Water Framework Directive; and EU news. Case law.
590 _aABS
650 _aNATURE CONSERVATION
650 _aEU
650 _aWASTE MANAGEMENT
650 _aDIRECTIVE 2000/60/EC
650 _aSTATUTORY NUISANCE
650 _aCONTAMINATED LAND
650 _aENVIRONMENTAL PROTECTION ACT 1990 PART II
650 _aCOUNTRYSIDE AND RIGHTS OF WAY ACT 2000
650 _aENVIRONMENTAL LAW
690 _aENVIRONMENTAL AND LAND CONSULTANCY
942 _n0
999 _c68684
_d68684